LEADER 02088nam0 2200433 i 450 001 VAN0101392 005 20211110091754.132 017 70$2N$a9783319107776 100 $a20150414d2015 |0itac50 ba 101 $aeng 102 $aCH 105 $a|||| ||||| 200 1 $aBifurcation without parameters$fStefan Liebscher 210 $aCham$cSpringer$d2015 215 $aXII, 142 p.$d24 cm 461 1$1001VAN0102250$12001 $aLecture notes in mathematics$1210 $aBerlin [etc.]$cSpringer$v2117 500 1$3VAN0234120$aBifurcation without parameters$91388113 606 $a34C23$xBifurcation theory for ordinary differential equation [MSC 2020]$3VANC019985$2MF 606 $a34C20$xTransformation and reduction of ordinary differential equations and systems, normal forms [MSC 2020]$3VANC022910$2MF 606 $a35B32$xBifurcation in context of PDEs [MSC 2020]$3VANC024272$2MF 606 $a37Gxx$xLocal and nonlocal bifurcation theory for dynamical systems [MSC 2020]$3VANC025524$2MF 606 $a34C37$xHomoclinic and heteroclinic solutions to ordinary differential equation [MSC 2020]$3VANC029564$2MF 610 $aBifurcation without parameters$9KW:K 610 $aEquilibria$9KW:K 610 $aManifolds$9KW:K 610 $aNonlinear dynamical systems$9KW:K 610 $aOrdinary differential equations$9KW:K 610 $aPartial differential equations$9KW:K 620 $aCH$dCham$3VANL001889 700 1$aLiebscher$bStefan$3VANV079266$0716388 712 $aSpringer $3VANV108073$4650 801 $aIT$bSOL$c20240614$gRICA 856 4 $uhttps://doi.org/10.1007/978-3-319-10777-6$zE-book ? Accesso al full-text attraverso riconoscimento IP di Ateneo, proxy e/o Shibboleth 899 $aBIBLIOTECA DEL DIPARTIMENTO DI MATEMATICA E FISICA$1IT-CE0120$2VAN08 912 $fN 912 $aVAN0101392 950 $aBIBLIOTECA DEL DIPARTIMENTO DI MATEMATICA E FISICA$d08CONS e-book $e08LNM2117 20150429 996 $aBifurcation without parameters$91388113 997 $aUNICAMPANIA LEADER 01311cam0-2200385---450 001 990005811870403321 005 20241210140514.0 010 $a88-221-0591-5 035 $a000581187 035 $aFED01000581187 035 $a(Aleph)000581187FED01 100 $a19990604d1988----km-y0itay50------ba 101 1 $aita$cfre 102 $aIT 105 $ay-------001yy 200 1 $aInsegnare la lingua materna$ericerche e proposte di educazione linguistica$fa cura di Alberto A. Sobrero 210 $aFirenze$cLa Nuova Italia$d1988 215 $aXIII, 170 p.$d21 cm 225 1 $aDidattica viva$v131 225 1 $aQuaderni dei gruppi di intervento e di studio nel campo dell'educazione linguistica (Giscel)$v5 300 $aContiene le relazioni del convegno Incontri Franco-italiani, Rouen 1986 610 0 $aLinguaggio$aInsegnamento$aScuola dell'obbligo 676 $a418.007 676 $a407.12 702 1$aSobrero,$bAlberto A. 801 0$aIT$bUNINA$gRICA$2UNIMARC 901 $aBK 912 $a990005811870403321 952 $a372 SOB 1 TER$bBibl. 6209$fNAP03 952 $a458 GISCEL 02 (05)$bDip.fil.mod.3616$fFLFBC 952 $a458 GISCEL 02 (05) BIS$bDIP.FIL.MOD. 6764$fFLFBC 959 $aFLFBC 959 $aNAP03 996 $aInsegnare la lingua materna$9166826 997 $aUNINA